Normal view
MARC view
- Butcher, E. G.
Entry Personal Name
001 - CONTROL NUMBER
- control field: 597
003 - CONTROL NUMBER IDENTIFIER
- control field: DLC
005 - DATE AND TIME OF LATEST TRANSACTION
- control field: 20230817092800.0
008 - FIXED-LENGTH DATA ELEMENTS
- fixed length control field: 820413n| acannaab| |n aaa |||
010 ## - LIBRARY OF CONGRESS CONTROL NUMBER
- LC control number: n 82051380
040 ## - CATALOGING SOURCE
- Original cataloging agency: DLC
- Transcribing agency: DLC
100 10 - HEADING--PERSONAL NAME
- Personal name: Butcher, E. G.
670 ## - SOURCE DATA FOUND
- Source citation: His Designing for fire safety, c1982:
- Information found: CIP t.p. (E.G. Butcher)